Normal view
MARC view
- REEVES, C.M,WELLS, M
Entry Personal Name
001 - CONTROL NUMBER
- control field: 80129
003 - CONTROL NUMBER IDENTIFIER
- control field: NUST
005 - DATE AND TIME OF LATEST TRANSACTION
- control field: 20210628210611.0
008 - FIXED-LENGTH DATA ELEMENTS
- fixed length control field: 210628|| aca||aabn | a|a d
040 ## - CATALOGING SOURCE
- Original cataloging agency: NUST
- Transcribing agency: NUST
100 ## - HEADING--PERSONAL NAME
- Personal name: REEVES, C.M,WELLS, M
670 ## - SOURCE DATA FOUND
- Source citation: Work cat.: (NUST): REEVES, C.M,WELLS, M, A COURSE ON PROGRAMMING IN ALGOL 60, 1964
